Quy chế công tác học sinh, sinh viên trong các trường đào tạo

Saved in:
Bibliographic Details
Format: Book
Language:Vietnamese
Published: H. Nxb. Hà Nội 1993
Subjects:
Tags: Add Tag
No Tags, Be the first to tag this record!
Institutions: Trung tâm Học liệu Lê Vũ Hùng, Trường Đại học Đồng Tháp
LEADER 00711pam a22002178a 4500
001 00024735
005 20171026081022.0
008 110723s1993 ||||||viesd
041 0 # |a vie 
082 1 4 |a 344.597  |b Q523CH 
245 0 0 |a Quy chế công tác học sinh, sinh viên trong các trường đào tạo 
260 # # |a H.  |b Nxb. Hà Nội  |c 1993 
300 # # |a 37tr.  |c 19 cm. 
500 # # |a ĐTTS ghi: Bộ giáo dục và đào tạo 
650 # 4 |a Học sinh 
650 # 4 |a Quy chế 
650 # 4 |a Sinh viên 
852 # # |b Kho đọc  |j KD.0010023 
852 # # |j KD.0010023 
910 0 # |a Ntuyet  |d 23/07/2011 
980 # # |a Trung tâm Học liệu Lê Vũ Hùng, Trường Đại học Đồng Tháp